000 00432pab a2200169 454500
008 180718b2007 xxu||||| |||| 00| 0 eng d
100 _aLaheri, Debasree
245 _aAbuse of child domestic workers in India: crisis and challenges
260 _c2007
300 _ap.27-36.
362 _aOct-Dec
650 _aChild abuse - India
650 _aChild abuse
773 _aIndian Police Journal
908 _aN
909 _a77724
999 _c77724
_d77724